[Event "Open Mediterranean 2017"]
[Site "Rijeka CRO"]
[Date "2009.12.02"]
[Round "6.49"]
[White "Gradiser, Dragoljub"]
[Black "Jerkovic, Maroje"]
[Result "1-0"]
[WhiteElo "1964"]
[BlackElo "1726"]
[PlyCount "75"]
[EventDate "2009.11.28"]
[EventType "swiss"]
[EventRounds "9"]
[EventCountry "CRO"]
[Source "lmi"]
[SourceDate "2009.11.28"]

1. e4 e5 2. Nf3 Nc6 3. Bb5 a6 4. Ba4 d6 5. h3 Nf6 6. d3 Be7 7. c3 O-O 8. O-O b5
9. Bc2 d5 10. Qe2 dxe4 11. dxe4 Bb7 12. Rd1 Qe8 13. Nbd2 Rd8 14. Re1 Bd6 15.
Nf1 Na5 16. b3 Qc6 17. Bd2 Ba8 18. Ng3 Rfe8 19. Bd3 Bf8 20. Rac1 Qd6 21. Bb1
Nb7 22. c4 c6 23. Nf5 Qd7 24. Bg5 Qe6 25. Bh4 h6 26. Bg3 g6 27. Ne3 Nd7 28. Ng4
Bg7 29. Qe3 Kh7 30. Bh4 Rb8 31. Bg5 Nf6 32. Bxf6 Bxf6 33. Qxh6+ Kg8 34. Ng5
Bxg5 35. Qxg5 Kg7 36. f4 exf4 37. Qh6+ Kg8 38. e5 1-0

[Event "Open Mediterranean 2017"]
[Site "Rijeka CRO"]
[Date "2009.12.02"]
[Round "6.50"]
[White "Tomulic, Teo"]
[Black "Kukina, Mario"]
[Result "0-1"]
[WhiteElo "1622"]
[BlackElo "1949"]
[PlyCount "106"]
[EventDate "2009.11.28"]
[EventType "swiss"]
[EventRounds "9"]
[EventCountry "CRO"]
[Source "lmi"]
[SourceDate "2009.11.28"]

1. e4 c5 2. Nf3 Nc6 3. d4 cxd4 4. Nxd4 e6 5. Be3 a6 6. a4 Nf6 7. Nd2 d6 8. Be2
Be7 9. O-O O-O 10. N4b3 d5 11. exd5 Nxd5 12. Nc4 Rb8 13. a5 Nxe3 14. Nxe3 e5
15. Nd5 Be6 16. Nxe7+ Qxe7 17. c3 Rfd8 18. Qc2 Rbc8 19. Nd2 Nd4 20. Qe4 Bf5 21.
Qe3 Nc2 22. Qf3 Nxa1 23. Qxf5 g6 24. Qh3 Qd7 25. Qxd7 Rxd7 26. Ne4 Kg7 27. Rxa1
f5 28. Ng5 Rd2 29. Kf1 Rxb2 30. g3 Kf6 31. Nxh7+ Kg7 32. Ng5 Rxc3 33. Rd1 Rcc2
34. Re1 Ra2 35. Nh3 Kf6 36. Bf3 e4 37. Bh1 g5 38. f4 g4 39. Ng5 Rxh2 40. Kg1
Rhe2 41. Rd1 Re3 42. Rb1 Rxg3+ 43. Kf1 Rc3 44. Bxe4 Kg6 45. Bd5 Rxa5 46. Rb6+
Kh5 47. Bf7+ Kh4 48. Kf2 g3+ 49. Kg2 Kg4 50. Rb2 Rac5 51. Rxb7 Rc2+ 52. Kf1 g2+
53. Kg1 Rc1+ 0-1

[Event "Open Mediterranean 2017"]
[Site "Rijeka CRO"]
[Date "2009.12.03"]
[Round "7.1"]
[White "Kovacevic, Aleksandar"]
[Black "Kozul, Zdenko"]
[Result "0-1"]
[WhiteElo "2558"]
[BlackElo "2604"]
[PlyCount "94"]
[EventDate "2009.11.28"]
[EventType "swiss"]
[EventRounds "9"]
[EventCountry "CRO"]
[Source "lmi"]
[SourceDate "2009.11.28"]

1. e4 c5 2. Nf3 Nc6 3. d4 cxd4 4. Nxd4 Nf6 5. Nc3 d6 6. f3 e5 7. Nb3 Be7 8. Be3
O-O 9. Qd2 Be6 10. Nd5 Bxd5 11. exd5 Nb8 12. Na5 Nbd7 13. Be2 Qb8 14. O-O Bd8
15. Kh1 Bb6 16. Bxb6 axb6 17. Nc4 Qc7 18. a4 Rfc8 19. Ne3 Nh5 20. Bb5 Ndf6 21.
g3 g6 22. Nc4 Qd8 23. b4 Rab8 24. Rad1 Ng7 25. Qf2 Nf5 26. Rd3 h5 27. c3 Rc7
28. Qxb6 Qe7 29. Ne3 e4 30. fxe4 Nxe3 31. Rxe3 Ng4 32. Ref3 Rbc8 33. Qd4 Ne5
34. Re3 h4 35. Kg2 Qg5 36. Be2 h3+ 37. Kxh3 Rc4 38. Bxc4 Rxc4 39. Qa7 Ng4 40.
Qb8+ Kg7 41. Rxf7+ Kxf7 42. Rf3+ Nf6 43. Qxb7+ Kf8 44. Qb8+ Kg7 45. Qa7+ Kh6
46. Qe7 Nh7 47. Qxd6 Qd2 0-1

[Event "Open Mediterranean 2017"]
[Site "Rijeka CRO"]
[Date "2009.12.03"]
[Round "7.2"]
[White "Bosiocic, Marin"]
[Black "Predojevic, Borki"]
[Result "1/2-1/2"]
[WhiteElo "2575"]
[BlackElo "2652"]
[PlyCount "23"]
[EventDate "2009.11.28"]
[EventType "swiss"]
[EventRounds "9"]
[EventCountry "CRO"]
[Source "lmi"]
[SourceDate "2009.11.28"]

1. d4 d5 2. c4 c6 3. Nc3 Nf6 4. Nf3 e6 5. Bg5 h6 6. Bh4 Be7 7. e3 O-O 8. Qc2
Nbd7 9. a3 b6 10. cxd5 cxd5 11. Bd3 Bb7 12. Rc1 1/2-1/2

[Event "Open Mediterranean 2017"]
[Site "Rijeka CRO"]
[Date "2009.12.03"]
[Round "7.3"]
[White "Kazhgaleyev, Murtas"]
[Black "Saric, Ante"]
[Result "0-1"]
[WhiteElo "2653"]
[BlackElo "2471"]
[PlyCount "84"]
[EventDate "2009.11.28"]
[EventType "swiss"]
[EventRounds "9"]
[EventCountry "CRO"]
[Source "lmi"]
[SourceDate "2009.11.28"]

1. d4 Nf6 2. c4 e6 3. Nc3 Bb4 4. Nf3 b6 5. Bg5 Bb7 6. e3 h6 7. Bh4 Bxc3+ 8.
bxc3 d6 9. Nd2 Nbd7 10. f3 e5 11. e4 Nf8 12. Bf2 Ne6 13. g3 Nd7 14. Qa4 exd4
15. cxd4 Qf6 16. Bh3 O-O-O 17. Bxe6 fxe6 18. Qxa7 c5 19. O-O Kc7 20. Qa3 cxd4
21. Qb4 e5 22. a4 Ra8 23. Kg2 Ra6 24. a5 Rha8 25. Nb3 Nc5 26. Ra3 bxa5 27. Rxa5
Rb6 28. Rb5 Rxb5 29. cxb5 Nxe4 30. b6+ Kd7 31. Rc1 Nc3 32. Nd2 Ra2 33. Qc4 Bc6
34. Ne4 Rxf2+ 35. Kxf2 Nxe4+ 36. Kg1 Nc5 37. Qg8 d3 38. Qb8 Qxf3 39. Qc7+ Ke8
40. Qc8+ Ke7 41. Qc7+ Bd7 42. b7 Qxb7 0-1

[Event "Open Mediterranean 2017"]
[Site "Rijeka CRO"]
[Date "2009.12.03"]
[Round "7.4"]
[White "Sale, Srdjan"]
[Black "Lenic, Luka"]
[Result "1/2-1/2"]
[WhiteElo "2399"]
[BlackElo "2598"]
[PlyCount "115"]
[EventDate "2009.11.28"]
[EventType "swiss"]
[EventRounds "9"]
[EventCountry "CRO"]
[Source "lmi"]
[SourceDate "2009.11.28"]

1. f4 d5 2. Nf3 g6 3. g3 Bg7 4. Bg2 Nf6 5. O-O O-O 6. d3 c5 7. c3 b6 8. Qe1 Nc6
9. Ne5 Bb7 10. Nxc6 Bxc6 11. Nd2 e5 12. fxe5 Ng4 13. Nf3 Nxe5 14. Nxe5 Bxe5 15.
Bh6 Bg7 16. Bxg7 Kxg7 17. Qf2 Qd6 18. Rae1 Rae8 19. Qf4 Qxf4 20. Rxf4 Re6 21.
Kf2 Rfe8 22. h4 R8e7 23. Bf3 h6 24. b4 Rd6 25. c4 d4 26. Bxc6 Rxc6 27. b5 Rce6
28. Rf3 h5 29. e4 a6 30. a4 axb5 31. axb5 Ra7 32. Re2 Ra3 33. Rd2 Rf6 34. Rf4
Ra1 35. Kg2 Rxf4 36. gxf4 Kf6 37. Rf2 Rd1 38. Rf3 Rd2+ 39. Kg3 Re2 40. Kh3 Ke6
41. Kg3 Re1 42. Kg2 Rd1 43. Kh2 Re1 44. Kg2 f6 45. Rf1 Re3 46. Rf3 Re2+ 47. Rf2
Re3 48. Rf3 Rxf3 49. Kxf3 f5 50. e5 Ke7 51. Kg3 Ke6 52. Kh2 Ke7 53. Kg1 Ke6 54.
Kf1 Ke7 55. Ke1 Ke6 56. Kf1 Ke7 57. Kg1 Ke6 58. Kh1 1/2-1/2

[Event "Open Mediterranean 2017"]
[Site "Rijeka CRO"]
[Date "2009.12.03"]
[Round "7.5"]
[White "Safarli, Eltaj"]
[Black "Martinovic, Sasa"]
[Result "1-0"]
[WhiteElo "2592"]
[BlackElo "2483"]
[PlyCount "69"]
[EventDate "2009.11.28"]
[EventType "swiss"]
[EventRounds "9"]
[EventCountry "CRO"]
[Source "lmi"]
[SourceDate "2009.11.28"]

1. e4 c5 2. Nf3 Nc6 3. Bb5 Nf6 4. Bxc6 dxc6 5. d3 Bg4 6. Nbd2 e6 7. h3 Bh5 8.
b3 Be7 9. Bb2 O-O 10. g4 Bg6 11. h4 h5 12. Ne5 hxg4 13. Nxg6 fxg6 14. e5 Qd5
15. Rg1 Nh5 16. Qxg4 Nf4 17. O-O-O b5 18. Rde1 Rf7 19. Ne4 Raf8 20. Kb1 Rf5 21.
Ng3 R5f7 22. Ne4 Rf5 23. Bc1 c4 24. dxc4 bxc4 25. Bxf4 Rxf4 26. Qxg6 R8f7 27.
h5 cxb3 28. axb3 Rf3 29. Re3 Rxe3 30. fxe3 Qxe5 31. h6 Ba3 32. c3 Qf5 33. hxg7
Be7 34. Kb2 c5 35. Qh6 1-0

[Event "Open Mediterranean 2017"]
[Site "Rijeka CRO"]
[Date "2009.12.03"]
[Round "7.6"]
[White "Kovacevic, Blazimir"]
[Black "Palac, Mladen"]
[Result "1/2-1/2"]
[WhiteElo "2430"]
[BlackElo "2578"]
[PlyCount "27"]
[EventDate "2009.11.28"]
[EventType "swiss"]
[EventRounds "9"]
[EventCountry "CRO"]
[Source "lmi"]
[SourceDate "2009.11.28"]

1. c4 e5 2. g3 Nf6 3. Bg2 d5 4. cxd5 Nxd5 5. Nf3 Nc6 6. O-O Nb6 7. b3 Be6 8.
Bb2 f6 9. Nc3 Qd7 10. Rc1 Be7 11. Ne4 Bd5 12. Nc3 Be6 13. Ne4 Bd5 14. Nc3
1/2-1/2

[Event "Open Mediterranean 2017"]
[Site "Rijeka CRO"]
[Date "2009.12.03"]
[Round "7.7"]
[White "Neubauer, Martin"]
[Black "Gajewski, Grzegorz"]
[Result "0-1"]
[WhiteElo "2452"]
[BlackElo "2561"]
[PlyCount "126"]
[EventDate "2009.11.28"]
[EventType "swiss"]
[EventRounds "9"]
[EventCountry "CRO"]
[Source "lmi"]
[SourceDate "2009.11.28"]

1. e4 c5 2. c3 e6 3. d4 d5 4. exd5 exd5 5. Be3 c4 6. b3 cxb3 7. axb3 Nc6 8. Bd3
Bd6 9. Qf3 Nf6 10. h3 O-O 11. Ne2 Be6 12. Nd2 Ne7 13. O-O Ng6 14. Bg5 Be7 15.
Qg3 Nh5 16. Bxe7 Nxg3 17. Bxd8 Nxf1 18. Bg5 Nxd2 19. Bxd2 Rfe8 20. f3 Bf5 21.
Bb5 Rec8 22. Nc1 a6 23. Bf1 Bd7 24. Ra5 Ne7 25. Kf2 f6 26. g4 Kf7 27. Bd3 g5
28. Ne2 h6 29. f4 Re8 30. f5 Bc6 31. Ng3 b6 32. Rxa6 Rxa6 33. Bxa6 b5 34. c4
Rb8 35. Ne2 bxc4 36. bxc4 Rb6 37. cxd5 Rxa6 38. dxc6 Nd5 39. Nc3 Nxc3 40. Bxc3
Rxc6 41. Bb4 Rc4 42. Bc5 Rc3 43. Kg2 Rd3 44. Bb6 Re3 45. Bc5 Re4 46. Kf3 Rf4+
47. Kg3 h5 48. gxh5 Kg7 49. Bb6 Kh6 50. Bd8 Rxf5 51. h4 Kxh5 52. hxg5 Kxg5 53.
Be7 Rb5 54. Kf3 Kf5 55. Ke3 Rb3+ 56. Ke2 Ke6 57. Bd8 f5 58. Bc7 Kd5 59. Be5 Ke4
60. Kf2 f4 61. Bc7 Rb2+ 62. Kg1 Ke3 63. d5 f3 0-1

[Event "Open Mediterranean 2017"]
[Site "Rijeka CRO"]
[Date "2009.12.03"]
[Round "7.8"]
[White "Ruck, Robert"]
[Black "Doric, Darko"]
[Result "1/2-1/2"]
[WhiteElo "2556"]
[BlackElo "2470"]
[PlyCount "61"]
[EventDate "2009.11.28"]
[EventType "swiss"]
[EventRounds "9"]
[EventCountry "CRO"]
[Source "lmi"]
[SourceDate "2009.11.28"]

1. Nf3 d5 2. d4 c6 3. c4 e6 4. Nbd2 Nf6 5. g3 b6 6. Bg2 Bb7 7. O-O Nbd7 8. e4
dxe4 9. Ng5 Be7 10. Ndxe4 h6 11. Nxf6+ Nxf6 12. Nf3 c5 13. b3 O-O 14. Bb2 Qc7
15. Qe2 Rad8 16. Rad1 cxd4 17. Nxd4 Bxg2 18. Kxg2 Bc5 19. Qf3 Bxd4 20. Bxd4 e5
21. Bb2 Rxd1 22. Rxd1 Re8 23. Kg1 Re6 24. Qa8+ Re8 25. Qf3 Re6 26. Qd3 Qc6 27.
Qf5 Qc7 28. Qd3 Qc6 29. Qf5 Qc7 30. Re1 Nd7 31. Rd1 1/2-1/2

[Event "Open Mediterranean 2017"]
[Site "Rijeka CRO"]
[Date "2009.12.03"]
[Round "7.9"]
[White "Cvitan, Ognjen"]
[Black "Loncar, Robert"]
[Result "1-0"]
[WhiteElo "2533"]
[BlackElo "2406"]
[PlyCount "113"]
[EventDate "2009.11.28"]
[EventType "swiss"]
[EventRounds "9"]
[EventCountry "CRO"]
[Source "lmi"]
[SourceDate "2009.11.28"]

1. d4 d5 2. Nf3 Nf6 3. c4 dxc4 4. e3 e6 5. Bxc4 a6 6. O-O b5 7. Bd3 Bb7 8. a4
b4 9. Nbd2 c5 10. Nc4 Nbd7 11. Re1 Be7 12. e4 O-O 13. e5 Nd5 14. h4 N5b6 15.
Nxb6 Qxb6 16. Ng5 Bxg5 17. Bxg5 f5 18. exf6 Nxf6 19. dxc5 Qxc5 20. Rc1 Qd5 21.
Bf1 Qxd1 22. Rexd1 Bd5 23. a5 Rfc8 24. f3 Nd7 25. Rxc8+ Rxc8 26. Rc1 Rxc1 27.
Bxc1 Ne5 28. Bxa6 Nc4 29. Bxc4 Bxc4 30. Bd2 b3 31. Bc3 Kf7 32. Kf2 g6 33. Ke3
Ke7 34. Be5 Kd7 35. g4 Kc6 36. Ke4 Be2 37. g5 Kb5 38. Bc3 Kc6 39. Kf4 Kd6 40.
Bb4+ Kc6 41. Ke5 Kd7 42. Kf6 Bd3 43. Bc3 Be2 44. Be5 Bd3 45. Kg7 Ke7 46. Kxh7
Kf7 47. Kh6 Be2 48. Bc3 Bd3 49. h5 gxh5 50. Kxh5 Be2 51. Kh6 Bd3 52. Be5 Kf8
53. g6 Kg8 54. Kg5 Kf8 55. Kf6 Bc4 56. g7+ Kg8 57. Ke7 1-0

[Event "Open Mediterranean 2017"]
[Site "Rijeka CRO"]
[Date "2009.12.03"]
[Round "7.10"]
[White "Drljevic, Ljilja"]
[Black "Drazic, Sinisa"]
[Result "0-1"]
[WhiteElo "2218"]
[BlackElo "2519"]
[PlyCount "80"]
[EventDate "2009.11.28"]
[EventType "swiss"]
[EventRounds "9"]
[EventCountry "CRO"]
[Source "lmi"]
[SourceDate "2009.11.28"]

1. e4 Nf6 2. e5 Nd5 3. d4 d6 4. Nf3 Bg4 5. Be2 e6 6. exd6 cxd6 7. c4 Nf6 8. Nc3
Be7 9. h3 Bh5 10. g4 Bg6 11. d5 exd5 12. g5 Ne4 13. Nxd5 Nc6 14. h4 O-O 15. Be3
Re8 16. Nd4 Nxd4 17. Qxd4 Bf8 18. Bg4 Nc5 19. f3 Nd3+ 20. Kd2 Ne5 21. h5 Bf5
22. Ke2 Nxg4 23. fxg4 Re4 24. gxf5 Rxd4 25. Bxd4 Qc8 26. Ne3 Qc6 27. Kd3 b5 28.
h6 Re8 29. Rad1 bxc4+ 30. Kc3 Qf3 31. Rhe1 d5 32. hxg7 Bxg7 33. f6 Bf8 34. a3
a5 35. Kd2 Re4 36. Bb6 d4 37. Nc2 c3+ 38. Kc1 d3 39. Rf1 cxb2+ 40. Kxb2 dxc2
0-1

[Event "Open Mediterranean 2017"]
[Site "Rijeka CRO"]
[Date "2009.12.03"]
[Round "7.11"]
[White "Chatalbashev, Boris"]
[Black "Doric, Nenad"]
[Result "1/2-1/2"]
[WhiteElo "2561"]
[BlackElo "2344"]
[PlyCount "89"]
[EventDate "2009.11.28"]
[EventType "swiss"]
[EventRounds "9"]
[EventCountry "CRO"]
[Source "lmi"]
[SourceDate "2009.11.28"]

1. d4 d5 2. c4 c6 3. Nf3 Nf6 4. e3 Bf5 5. Nc3 e6 6. Nh4 Be4 7. f3 Bg6 8. Qb3
Qb6 9. Nxg6 hxg6 10. g3 Bd6 11. f4 Nbd7 12. c5 Qxb3 13. axb3 Bc7 14. b4 b5 15.
Bd3 Kd8 16. Bd2 Kc8 17. Ke2 Kb7 18. h4 Ng4 19. Nxb5 cxb5 20. Bxb5 Nb8 21. Ra3
Nf6 22. Bd3 Ne4 23. Bxe4 dxe4 24. b5 Bd8 25. Rha1 Be7 26. c6+ Nxc6 27. bxc6+
Kxc6 28. Rxa7 Rxa7 29. Rxa7 Re8 30. Ba5 Kb5 31. Kd2 f5 32. Kc2 Bf6 33. b4 Ka4
34. Kc3 Kb5 35. Rb7+ Kc6 36. Rc7+ Kb5 37. Kb3 Be7 38. Ra7 Bf6 39. Rb7+ Kc6 40.
Rb6+ Kd7 41. Ra6 Rc8 42. Ra7+ Kc6 43. Ka4 Kd6 44. b5 Kd5 45. Kb3 1/2-1/2

[Event "Open Mediterranean 2017"]
[Site "Rijeka CRO"]
[Date "2009.12.03"]
[Round "7.12"]
[White "Diermair, Andreas"]
[Black "Jovanic, Ognjen"]
[Result "0-1"]
[WhiteElo "2341"]
[BlackElo "2552"]
[PlyCount "72"]
[EventDate "2009.11.28"]
[EventType "swiss"]
[EventRounds "9"]
[EventCountry "CRO"]
[Source "lmi"]
[SourceDate "2009.11.28"]

1. e4 c5 2. Nf3 e6 3. d4 cxd4 4. Nxd4 Nc6 5. Nc3 Qc7 6. Be3 a6 7. Qd2 Nf6 8.
O-O-O Be7 9. f3 h5 10. Kb1 b5 11. Bd3 Ne5 12. h3 h4 13. Rhe1 d6 14. Bg5 b4 15.
Nce2 Rb8 16. f4 Nc4 17. Bxc4 Qxc4 18. Nc1 Bb7 19. e5 dxe5 20. Nf5 exf5 21. Rxe5
O-O 22. Rxe7 Ne4 23. Qe3 Rfc8 24. Qb3 Qxb3 25. axb3 Nxg5 26. fxg5 Be4 27. Rd2
Rc6 28. Nd3 Rd8 29. Ra7 Rg6 30. Rf2 Rxg5 31. Nf4 Rg3 32. Rxa6 g5 33. Nh5 Rxg2
34. Nf6+ Kg7 35. Nxe4 Rg1+ 36. Ka2 Rdd1 0-1

[Event "Open Mediterranean 2017"]
[Site "Rijeka CRO"]
[Date "2009.12.03"]
[Round "7.13"]
[White "Cebalo, Miso"]
[Black "Fucak, Emilijo"]
[Result "1-0"]
[WhiteElo "2483"]
[BlackElo "2291"]
[PlyCount "111"]
[EventDate "2009.11.28"]
[EventType "swiss"]
[EventRounds "9"]
[EventCountry "CRO"]
[Source "lmi"]
[SourceDate "2009.11.28"]

1. d4 e6 2. c4 Nf6 3. Nc3 d5 4. Bg5 dxc4 5. e3 a6 6. Bxc4 b5 7. Bb3 Bb7 8. Nf3
Nbd7 9. a4 b4 10. Ne2 h6 11. Bxf6 Qxf6 12. Ng3 Bd6 13. O-O h5 14. Bc2 Rd8 15.
Be4 h4 16. Bxb7 hxg3 17. fxg3 Qh6 18. Qc1 c5 19. e4 a5 20. e5 Bb8 21. Bc6 Qxc1
22. Raxc1 cxd4 23. Rc5 Bc7 24. Rfc1 d3 25. Bxd7+ Rxd7 26. Rxc7 d2 27. Nxd2 Rxd2
28. Rc8+ Rd8 29. Rxd8+ Kxd8 30. h4 Kd7 31. Rc5 Ra8 32. Kf2 f6 33. Ke3 fxe5 34.
Rxe5 Kd6 35. Rb5 Rc8 36. Kd3 Ra8 37. h5 Ke7 38. g4 Rd8+ 39. Ke3 Rd1 40. Rxa5
Rb1 41. g5 Rxb2 42. Ra7+ Kf8 43. h6 gxh6 44. gxh6 Kg8 45. g4 Rh2 46. Rg7+ Kh8
47. Rb7 Rxh6 48. Kf4 Rh7 49. Rxb4 Ra7 50. Ke5 Ra6 51. Kf6 Kh7 52. Re4 Kh6 53.
Re5 Kh7 54. a5 Kg8 55. g5 Kf8 56. g6 1-0

[Event "Open Mediterranean 2017"]
[Site "Rijeka CRO"]
[Date "2009.12.03"]
[Round "7.14"]
[White "Getz, Nicolai"]
[Black "Rukavina, Josip"]
[Result "1-0"]
[WhiteElo "2270"]
[BlackElo "2428"]
[PlyCount "98"]
[EventDate "2009.11.28"]
[EventType "swiss"]
[EventRounds "9"]
[EventCountry "CRO"]
[Source "lmi"]
[SourceDate "2009.11.28"]

1. e4 g6 2. d4 d6 3. Nc3 Bg7 4. f4 Nf6 5. Nf3 O-O 6. Be3 a6 7. Bd3 b5 8. a3 Bb7
9. Qe2 Qc8 10. e5 Nd5 11. Nxd5 Bxd5 12. O-O Nd7 13. b3 c5 14. Ng5 cxd4 15. Bxd4
dxe5 16. fxe5 Nc5 17. Rad1 h6 18. Nh3 Ne6 19. Bb2 Qc5+ 20. Qf2 Rad8 21. Nf4
Qxf2+ 22. Rxf2 Nc7 23. Nxd5 Rxd5 24. Be2 Rxd1+ 25. Bxd1 Rd8 26. Bf3 Ne6 27. Bb7
Nc5 28. Bc6 h5 29. Re2 Bh6 30. g3 Rc8 31. Bf3 a5 32. Kf2 e6 33. Bd4 b4 34. a4
Nd7 35. Be4 Bf8 36. Ke3 Bc5 37. Rd2 Nxe5 38. Bxc5 Rxc5 39. Rd8+ Kg7 40. Kd4
Nc6+ 41. Kxc5 Nxd8 42. Kb6 f5 43. Ba8 e5 44. Kxa5 g5 45. Kxb4 Ne6 46. a5 Nc7
47. Bb7 f4 48. Kc5 g4 49. Kb6 Kf7 1-0

[Event "Open Mediterranean 2017"]
[Site "Rijeka CRO"]
[Date "2009.12.03"]
[Round "7.15"]
[White "Dancevski, Orce"]
[Black "Muslija, Idris"]
[Result "1-0"]
[WhiteElo "2418"]
[BlackElo "2223"]
[PlyCount "87"]
[EventDate "2009.11.28"]
[EventType "swiss"]
[EventRounds "9"]
[EventCountry "CRO"]
[Source "lmi"]
[SourceDate "2009.11.28"]

1. e4 c5 2. c3 Nf6 3. e5 Nd5 4. Nf3 d6 5. d4 cxd4 6. cxd4 e6 7. Bc4 Nc6 8. O-O
Be7 9. Qe2 Nb6 10. Bb3 a6 11. Nc3 d5 12. Bf4 Bd7 13. h3 h6 14. Rac1 Na5 15. Bc2
Nbc4 16. Bd3 b5 17. Nb1 Nc6 18. b3 N4a5 19. Qb2 Qb6 20. Rfd1 O-O-O 21. Be2 Kb7
22. Be3 Rc8 23. Ne1 f5 24. f4 g5 25. Kh2 Ka8 26. g3 h5 27. Nd3 h4 28. fxg5
hxg3+ 29. Kxg3 Rcg8 30. h4 f4+ 31. Bxf4 Nxd4 32. Bg4 Nac6 33. Ne1 Rf8 34. Ng2
Nf5+ 35. Bxf5 Rxf5 36. Qe2 Nxe5 37. Qe3 Qb8 38. Nc3 Bd6 39. Ne4 Nf7 40. Nxd6
Nxd6 41. Kh2 e5 42. Bxe5 Re8 43. Rxd5 Rfxe5 44. Rxe5 1-0

[Event "Open Mediterranean 2017"]
[Site "Rijeka CRO"]
[Date "2009.12.03"]
[Round "7.16"]
[White "Mitkov, Marjan"]
[Black "Kozarcanin, Sead"]
[Result "1-0"]
[WhiteElo "2395"]
[BlackElo "2187"]
[PlyCount "120"]
[EventDate "2009.11.28"]
[EventType "swiss"]
[EventRounds "9"]
[EventCountry "CRO"]
[Source "lmi"]
[SourceDate "2009.11.28"]

1. d4 d5 2. c4 c6 3. cxd5 cxd5 4. Bf4 Nc6 5. Nc3 Nf6 6. e3 a6 7. Rc1 e6 8. Bd3
Bd6 9. Bxd6 Qxd6 10. f4 Bd7 11. Nf3 Ng4 12. Qe2 f5 13. O-O O-O 14. h3 Nh6 15.
a3 Be8 16. Qd2 Bh5 17. Ne5 Nxe5 18. dxe5 Qe7 19. Na4 Rac8 20. Rxc8 Rxc8 21. Rc1
Rc7 22. Rxc7 Qxc7 23. Qc3 Qxc3 24. bxc3 Nf7 25. Nc5 Nd8 26. c4 dxc4 27. Bxc4
Bf7 28. g4 Kf8 29. Bd3 g6 30. Be2 a5 31. Bb5 Be8 32. Bc4 Ke7 33. Kf2 b5 34. Bf1
Bc6 35. g5 b4 36. axb4 axb4 37. Ke1 Bd5 38. Bb5 Nf7 39. Kd2 h6 40. h4 hxg5 41.
hxg5 Nd8 42. Nd3 b3 43. Kc3 Nb7 44. Kb4 Be4 45. Nb2 Bd5 46. Ba6 Nd8 47. Kc5 Kd7
48. Bb5+ Nc6 49. Kb6 Be4 50. Na4 Bd5 51. Bxc6+ Bxc6 52. Nc5+ Ke7 53. Nxb3 Ba4
54. Nc5 Be8 55. Kc7 Bb5 56. Nb7 Bc4 57. Na5 Ba2 58. Nc6+ Ke8 59. Kd6 Bc4 60.
Nd4 Kf7 1-0

[Event "Open Mediterranean 2017"]
[Site "Rijeka CRO"]
[Date "2009.12.03"]
[Round "7.17"]
[White "Lekic, Dusan"]
[Black "Gandrud, Vegar Koi"]
[Result "1-0"]
[WhiteElo "2387"]
[BlackElo "2143"]
[PlyCount "107"]
[EventDate "2009.11.28"]
[EventType "swiss"]
[EventRounds "9"]
[EventCountry "CRO"]
[Source "lmi"]
[SourceDate "2009.11.28"]

1. c4 Nf6 2. d4 e6 3. Nc3 d5 4. Nf3 c6 5. Bg5 Be7 6. e3 Nbd7 7. Rc1 O-O 8. Bd3
h6 9. Bh4 Ne4 10. Bxe7 Nxc3 11. Bxd8 Nxd1 12. Kxd1 dxc4 13. Rxc4 Rxd8 14. Ke2
f6 15. h4 Nb6 16. Rc2 Nd5 17. a3 Bd7 18. h5 Be8 19. g4 Bf7 20. Nh4 Re8 21. Bg6
Rad8 22. Rd1 Re7 23. Rcd2 Red7 24. f4 Ne7 25. Bxf7+ Kxf7 26. Nf3 Nc8 27. Nh4
Nb6 28. b3 Nd5 29. Kf3 Ne7 30. e4 b6 31. Ke3 a5 32. Nf3 Nc8 33. Rc1 Na7 34. a4
b5 35. axb5 cxb5 36. Ra2 a4 37. bxa4 bxa4 38. Rxa4 Nb5 39. Rb4 Nd6 40. Rc6 Ra8
41. Rc3 Ke7 42. e5 Ne8 43. Rbc4 Kd8 44. f5 Nc7 45. Ke4 Nd5 46. fxe6 Nxc3+ 47.
Rxc3 Rc7 48. Rxc7 Kxc7 49. d5 Ra4+ 50. Nd4 Kd8 51. d6 fxe5 52. Kxe5 Ra5+ 53.
Ke4 Ra1 54. Nc6+ 1-0

[Event "Open Mediterranean 2017"]
[Site "Rijeka CRO"]
[Date "2009.12.03"]
[Round "7.18"]
[White "Arvola, Benjamin"]
[Black "Lovik, Lasse Ostebo"]
[Result "0-1"]
[WhiteElo "2207"]
[BlackElo "2379"]
[PlyCount "136"]
[EventDate "2009.11.28"]
[EventType "swiss"]
[EventRounds "9"]
[EventCountry "CRO"]
[Source "lmi"]
[SourceDate "2009.11.28"]

1. d4 Nf6 2. c4 e6 3. Nf3 d5 4. Nc3 Be7 5. Bg5 h6 6. Bh4 O-O 7. e3 b6 8. Rc1
Bb7 9. cxd5 Nxd5 10. Bxe7 Qxe7 11. Bd3 Rc8 12. O-O Nd7 13. Qe2 c5 14. Ba6 N7f6
15. Nxd5 exd5 16. dxc5 bxc5 17. Qb5 Rab8 18. b3 d4 19. Nxd4 Bxg2 20. Qa5 Bxf1
21. Bxc8 cxd4 22. Kxf1 dxe3 23. Qc7 Qxc7 24. Rxc7 exf2 25. Ba6 Rd8 26. Rxa7 Ne4
27. Be2 Rc8 28. Bc4 Nd2+ 29. Kxf2 Nxc4 30. bxc4 Rxc4 31. a4 Rc2+ 32. Kg3 g5 33.
a5 Ra2 34. a6 Kg7 35. Ra8 h5 36. a7 Ra3+ 37. Kg2 h4 38. h3 Kf6 39. Kf2 Kf5 40.
Kg2 Kf4 41. Kf2 Ra2+ 42. Kf1 Kf3 43. Ke1 f6 44. Rf8 Ra1+ 45. Kd2 Rxa7 46. Rxf6+
Kg3 47. Rf5 Rg7 48. Ke2 Kxh3 49. Rf3+ Kg4 50. Kf2 Ra7 51. Rb3 Ra2+ 52. Kg1 h3
53. Rb4+ Kh5 54. Rb8 g4 55. Kh1 Kh4 56. Rb4 Rf2 57. Kg1 Rf3 58. Kh2 Re3 59. Ra4
Kg5 60. Rb4 Re2+ 61. Kg1 g3 62. Rb5+ Kf4 63. Rb4+ Kf3 64. Rb3+ Re3 65. Rb1 g2
66. Kh2 Kf2 67. Ra1 Re1 68. Ra2+ Kf1 0-1

[Event "Open Mediterranean 2017"]
[Site "Rijeka CRO"]
[Date "2009.12.03"]
[Round "7.19"]
[White "Debray, Christopher"]
[Black "Bjelicic, Jan"]
[Result "1/2-1/2"]
[WhiteElo "2358"]
[BlackElo "2087"]
[PlyCount "118"]
[EventDate "2009.11.28"]
[EventType "swiss"]
[EventRounds "9"]
[EventCountry "CRO"]
[Source "lmi"]
[SourceDate "2009.11.28"]

1. e4 c5 2. Nf3 Nc6 3. Nc3 d6 4. Bb5 Bd7 5. O-O Nf6 6. Re1 e5 7. Nd5 Nxd5 8.
exd5 Nd4 9. Bxd7+ Qxd7 10. c3 Nxf3+ 11. Qxf3 Be7 12. d4 cxd4 13. cxd4 f6 14.
Qb3 O-O 15. dxe5 fxe5 16. Be3 a6 17. Rac1 Rac8 18. a4 Kh8 19. Rc3 Rxc3 20. bxc3
h6 21. Rb1 Bf6 22. Qxb7 Qxa4 23. Qc7 Qa2 24. Qb7 Qa4 25. g3 Qc4 26. Rb6 a5 27.
Rxd6 Qxc3 28. Ra6 Qb4 29. Qxb4 axb4 30. Rb6 Rd8 31. d6 Bg5 32. Bc5 Bd2 33. Rb7
Kh7 34. d7 Bg5 35. Bxb4 Kg6 36. Ba5 Ra8 37. Bc7 Kf5 38. Rb5 Ke6 39. Bxe5 g6 40.
f4 Bd8 41. Rb7 Ra2 42. Bc7 Kxd7 43. Bxd8+ Kxd8 44. Rb6 g5 45. Rxh6 gxf4 46.
gxf4 Ke7 47. Rg6 Kf7 48. Rg2 Ra4 49. Rf2 Kf6 50. Kg2 Kf5 51. Kg3 Ra8 52. h4
Rg8+ 53. Kh3 Rh8 54. Ra2 Kxf4 55. Ra5 Rb8 56. h5 Rb3+ 57. Kh4 Rb1 58. Ra4+ Kf5
59. Kg3 Rb3+ 1/2-1/2

[Event "Open Mediterranean 2017"]
[Site "Rijeka CRO"]
[Date "2009.12.03"]
[Round "7.20"]
[White "Battaglini, Gabriel"]
[Black "Petrovic, Marko"]
[Result "1-0"]
[WhiteElo "2398"]
[BlackElo "1979"]
[PlyCount "69"]
[EventDate "2009.11.28"]
[EventType "swiss"]
[EventRounds "9"]
[EventCountry "CRO"]
[Source "lmi"]
[SourceDate "2009.11.28"]

1. d4 Nf6 2. c4 g6 3. Nc3 Bg7 4. e4 d6 5. f3 O-O 6. Be3 c6 7. Qd2 e5 8. d5 cxd5
9. cxd5 a6 10. Bd3 b5 11. b4 Nh5 12. Nge2 Nf4 13. Nxf4 exf4 14. Bxf4 a5 15. O-O
axb4 16. Nxb5 Bxa1 17. Rxa1 Ba6 18. Nd4 Bxd3 19. Qxd3 Qf6 20. Qd2 b3 21. Nxb3
Nd7 22. Bg5 Qh8 23. Rd1 Rfc8 24. Nd4 Rc4 25. Nc6 f6 26. Bh6 Kf7 27. Bf4 Ne5 28.
Bxe5 fxe5 29. Rb1 Qf8 30. f4 Kg8 31. fxe5 dxe5 32. d6 Rc8 33. Qd5+ Qf7 34. Ne7+
Kf8 35. Rf1 1-0